[Event "POR-ch57"]
[Site "Lisbon"]
[Date "2001.09.08"]
[Round "8.23"]
[White "Ferreira, Albano Manuel Pedro"]
[Black "Pires, Jorge Remedio"]
[Result "1/2-1/2"]
[WhiteElo "2000"]
[BlackElo "2000"]
[PlyCount "112"]
[EventDate "2001.09.05"]
[EventType "swiss"]
[EventRounds "9"]
[EventCountry "POR"]
[SourceTitle "EXT 2002"]
[Source "ChessBase"]
[SourceDate "2001.11.25"]
[SourceVersion "1"]
[SourceVersionDate "2001.11.25"]
[SourceQuality "1"]

1. e4 c5 2. Nf3 Nc6 3. d4 cxd4 4. Nxd4 Nf6 5. Nc3 d6 6. Nxc6 bxc6 7. Bd3 g6 8. 0-0 Bg7 9. Bd2 0-0 10. Ne2 d5 11. exd5 cxd5 12. c3 e5 13. Bg5 Qb6 14. Qd2 e4 15. Be3 Qb7 16. Bc2 Ng4 17. Bb3 Nxe3 18. Qxe3 Be6 19. Nd4 Rad8 20. f3 Qb6 21. Rae1 Bc8 22. fxe4 dxe4 23. Qxe4 Bxd4+ 24. cxd4 Qxd4+ 25. Qxd4 Rxd4 26. Re7 Ba6 27. Rfxf7 Rxf7 28. Rxf7 Bc4 29. Bxc4 Rxc4 30. Rxa7 Rc1+ 31. Kf2 Rc2+ 32. Kf3 Rxb2 33. a4 g5 34. a5 Ra2 35. h3 h5 36. a6 g4+ 37. hxg4 hxg4+ 38. Kxg4 Rxg2+ 39. Kf3 Ra2 40. Ke4 Kf8 41. Kd5 Ke8 42. Kc6 Rc2+ 43. Kb7 Kd7 44. Kb8+ Kd8 45. Rh7 Rb2+ 46. Rb7 Rc2 47. Rh7 Rb2+ 48. Ka7 Kc8 49. Rb7 Ra2 50. Rb1 Rc2 51. Kb6 Kb8 52. Ka5+ Ka7 53. Rb7+ Ka8 54. Kb6 Rb2+ 55. Kc7 Rc2+ 56. Kd8 Rc6 1/2-1/2

[Event "POR-ch57"]
[Site "Lisbon"]
[Date "2001.09.06"]
[Round "6.24"]
[White "Pereira P Pais, Ricardo Emanuel"]
[Black "Ferreira, Albano Manuel Pedro"]
[Result "0-1"]
[WhiteElo "2000"]
[BlackElo "2000"]
[PlyCount "79"]
[EventDate "2001.09.05"]
[EventType "swiss"]
[EventRounds "9"]
[EventCountry "POR"]
[SourceTitle "EXT 2002"]
[Source "ChessBase"]
[SourceDate "2001.11.25"]
[SourceVersion "1"]
[SourceVersionDate "2001.11.25"]
[SourceQuality "1"]

1. e4 e6 2. d4 d5 3. exd5 exd5 4. Bd3 g6 5. Nf3 Bg7 6. 0-0 Nf6 7. Re1+ Be6 8. Ng5 Qd7 9. Nxe6 fxe6 10. Qe2 0-0 11. Qxe6+ Qxe6 12. Rxe6 Ng4 13. Be3 Kf7 14. h3 Kxe6 15. hxg4 Nc6 16. c3 Kd7 17. Nd2 Nd8 18. Nf3 Ne6 19. Re1 Rae8 20. Bc2 c6 21. Nh4 Bf6 22. g3 Ng5 23. Kg2 Ne4 24. Bh6 Rf7 25. f3 Bxh4 26. gxh4 Nd6 27. Rxe8 Kxe8 28. Bc1 Re7 29. Kf2 Kf7 30. b3 b5 31. Ba3 Re6 32. Bd3 Kf6 33. Bb2 a6 34. c4 Re8 35. cxd5 cxd5 36. Ba3 Nf7 37. Bc5 Re6 38. Bf8 Nd8 39. Bh6 Nc6 40. Bd2 0-1

[Event "POR-ch57"]
[Site "Lisbon"]
[Date "2001.09.01"]
[Round "1.11"]
[White "Leite Oralova, Catarina"]
[Black "Ferreira, Albano Manuel Pedro"]
[Result "1-0"]
[WhiteElo "2148"]
[BlackElo "1906"]
[PlyCount "37"]
[EventDate "2001.09.05"]
[EventType "swiss"]
[EventRounds "9"]
[EventCountry "POR"]
[SourceTitle "EXT 2002"]
[Source "ChessBase"]
[SourceDate "2001.11.25"]
[SourceVersion "1"]
[SourceVersionDate "2001.11.25"]
[SourceQuality "1"]

1. e4 e6 2. d4 d5 3. exd5 exd5 4. Bd3 Nc6 5. c3 g6 6. Nf3 Bg4 7. h3 Bd7 8. 0-0 Nf6 9. Re1+ Be7 10. Bh6 Be6 11. Ng5 Qd7 12. Qe2 Nd8 13. Nd2 Nh5 14. Ndf3 Nf4 15. Qe5 f6 16. Qxf4 fxg5 17. Nxg5 Bxg5 18. Qxg5 Nf7 19. Qf6 1-0